000 01225nam a22003617a 4500
003 CHAP
005 20220329141025.0
008 971013s1996 r 00010 d
010 _a61461
011 _a62433
035 _a66607
040 _cCHAP
090 _aTesis
100 0 0 _aPérez Morales, Antonio.
_989864
245 _aProducción de plántula de col (Brassica oleracea var capita L.) en diferentes sustratos
260 _aChapingo, Méx. :
_bEl autor,
_c1996
300 _a50 h.
_b: gráfs.
502 _aTesis (Ing. Agr. Esp. en Fitotecnia) -- UACH. Departamento de Fitotecnia
590 _aALEPH
_b10
_c20130110
_lUCH01
_h1342
590 _aBATCH-UPD
_b10
_c20130110
_lUCH01
_h0532
590 _aBATCH-UPD
_b10
_c20130110
_lUCH01
_h2208
590 _aBATCH-UPD
_b10
_c20130410
_lUCH01
_h0212
590 _aBATCH-UPD
_b10
_c20130914
_lUCH01
_h1000
590 _aCONVERSION
_b10
_c20130109
_lUCH01
_h1333
650 1 4 _aCol
_xPlántulas.
_924495
650 1 4 _aCol
_xPropagación.
_924496
650 1 4 _aCol
_xRendimiento.
_924497
650 1 4 _aSustratos.
_9110789
901 _aBK
942 _cFOLL
949 _bBC
_cTES
_d-151823
_eTS1
_h30528
_i66607
_si
949 _bBC
_cTES
_d33724000624912
_eTS2
_fc.2
_h30529
_i66607
_si
999 _c61461
_d61461